000 00469nam a2200181Ia 4500
003 OSt
005 20241203160941.0
008 230411s9999 xx 000 0 und d
020 _a9789392019265
041 _aeng
082 _aF/610.73/FRA/B09951
100 _aNayanamanasa V
_9180190
245 _aNursing Foundation - I for BSc Nursing Students Sem - I
260 _bBookera
_aJaipur
_c2021
300 _a448p
942 _2ddc
_cDB
999 _c158716
_d158716